Inversión extranjera en Estados Unidos /
Contenido: 1) Las garantías y limitaciones impuestas a la inversión extranjera por vía de la ley federal, estatal y de tratados internacionales; 2) Restricciones impuestas por la ley Exon Florio a la inversión extranjera; 3) Requisitos federales para reportar ciertas inversiones extranjeras directas...
Uloženo v:
| Hlavní autor: | |
|---|---|
| Další autoři: | |
| Médium: | Kniha |
| Jazyk: | španělština |
| Vydáno: |
Bogotá, Colombia :
Universidad del Rosario, Facultad de Jurisprudencia,
2009, c2009
|
| Edice: | (Textos de Jurisprudencia)
|
| Témata: | |
| Tagy: |
Žádné tagy, Buďte první, kdo vytvoří štítek k tomuto záznamu!
|
MARC
| LEADER | 00000nam^a2200000^a^4500 | ||
|---|---|---|---|
| 001 | 000300465 | ||
| 005 | 20250521000000.0 | ||
| 009 | 20260310112510.179 | ||
| 020 | |a 978-958-738-000-2 | ||
| 037 | |a Acervo ITESO - Biblioteca | ||
| 041 | |a ESP | ||
| 082 | |a 346. 7307 |b ABU | ||
| 100 | |a Abusaid, José Alejandro |e (autor) | ||
| 245 | 1 | 0 | |a Inversión extranjera en Estados Unidos / |c J.A. Abusaid, L.A. Pinilla ; pról. de Antonio Aljure ; presen. de Miguel Gómez Martínez. |
| 264 | 4 | |a Bogotá, Colombia : |b Universidad del Rosario, Facultad de Jurisprudencia, |c 2009, c2009 | |
| 300 | |a 390 p. | ||
| 336 | |a texto |b txt |2 rdacontenido | ||
| 337 | |a sin mediación |b n |2 rdamedio | ||
| 338 | |a volumen |b nc |2 rdasoporte | ||
| 440 | 1 | |a (Textos de Jurisprudencia) | |
| 520 | |a Contenido: 1) Las garantías y limitaciones impuestas a la inversión extranjera por vía de la ley federal, estatal y de tratados internacionales; 2) Restricciones impuestas por la ley Exon Florio a la inversión extranjera; 3) Requisitos federales para reportar ciertas inversiones extranjeras directas en Estados Unidos-AFIDA e ISSA; 4) Leyes de promoción de la competencia que afectan la inversión extranjera; 5) Consideraciones ambientales al momento de desarrollar una inversión en Estados Unidos; 6) La inversión extranjera y la ley penal en Estados Unidos; 7) Visas a Estados para ejecutivos e inversionistas; 8) Formas asociativas en la legislación de Estados Unidos; 9) Régimen general de impuestos para el inversionista extranjero; 10) Implicaciones tributarias de la adquisición de una compañía de Estados Unidos por parte de una compañía extranjera; 11) Consideraciones corporativas y de mercado público de valores que afectan la adquisición de compañías en Estados Unidos por parte de inversionistas extranjeros; 12) Restricciones estatales para la posesión de finca raíz por parte de extranjeros; 13) Ley de Inversión Extranjera en Finca Raíz-FIRPTA; 14) Restricciones federales para la participación de inversionistas extranjeros en contratos de defensa y otros contratos gubernamentales; 15) Inversión extranjera en la industria de la comunicación en Estados Unidos; 16) Restricciones federales a la inversión extranjera directa en recursos energéticos; 17) Restricciones a la inversión extranjera en la industria marítima; 18) Regulación federal a la inversión extranjera en la industria pesquera de Estados Unidos. | ||
| 649 | |a XX | ||
| 650 | |a Inversiones Extranjeras - |z EUA - |x Aspectos Jurídicos - |x Tema Principal | ||
| 650 | |a Política Financiera - |z EUA - |x Tema Principal | ||
| 650 | |a Finanzas - |z EUA | ||
| 650 | |a Derecho Financiero - |z EUA | ||
| 650 | |a Derecho Económico - |z EUA | ||
| 650 | |a Tratados Comerciales Internacionales - |z EUA - |x Tema Principal | ||
| 650 | |a Tratados Internacionales - |z EUA | ||
| 650 | |a Derecho Internacional | ||
| 700 | |a Pinilla, Luis Alfredo |e (autor) | ||
| 910 | |a Fondo General | ||
| 920 | |a Impresos - Libros | ||
| 930 | |a Colección General | ||
| 905 | |a 101 | ||
| 901 | |a 0500186486 |b IT1 |c ACC |i C121454 |u 20250521 | ||
| 902 | |a https://opac.biblio.iteso.mx/vufind/Record/000300465 | ||